| Tag |
First Indicator |
Second Indicator |
Subfields |
| LEADER |
00000cam a2200000Mi 4500 |
| 001 |
in00005485539 |
| 006 |
m o d |
| 007 |
cr ||||||||||| |
| 008 |
190819s1899 nyua ob 000 0 eng d |
| 005 |
20240917171446.6 |
| 035 |
|
|
|a (OCoLC)on1119121941
|
| 040 |
|
|
|a UKAMD
|b eng
|e rda
|e pn
|c UKAMD
|d OCLCF
|d OCLCO
|d OCLCL
|
| 035 |
|
|
|a (OCoLC)1119121941
|
| 050 |
|
4 |
|a JV201
|
| 082 |
0 |
4 |
|a 325.30913
|2 23
|
| 049 |
|
|
|a TXAM
|
| 100 |
1 |
|
|a Ireland, Alleyne,
|d 1871-1951,
|e author.
|
| 245 |
1 |
0 |
|a Tropical colonization :
|b an introduction to the study of the subject,
|f 1899 /
|c by Alleyne Ireland.
|
| 264 |
|
1 |
|a New York :
|b The Macmillan Company,
|c 1899.
|
| 300 |
|
|
|a 1 online resource (1 volume (xii, 282 pages)) :
|b illustrations (black and white).
|
| 336 |
|
|
|a text
|b txt
|2 rdacontent
|
| 337 |
|
|
|a computer
|b c
|2 rdamedia
|
| 338 |
|
|
|a online resource
|b cr
|2 rdacarrier
|
| 490 |
1 |
|
|a AM Scholar: Empire Studies.
|
| 500 |
|
|
|a "Collection: Empire and Commonwealth: Archives of the Royal Commonwealth Society from Cambridge University Library"--Home page.
|
| 500 |
|
|
|a "Original microfilm part: Part 1: Race and Imperial Policy, c1830-1939: "The Colour Question"--Home page.
|
| 500 |
|
|
|a "Original microfilm reel: 7"--Home page.
|
| 500 |
|
|
|a "Other Notes: New York, 1899. xiii + 282pp"--Home page.
|
| 504 |
|
|
|a Includes bibliographical references.
|
| 535 |
1 |
|
|a Cambridge University Library
|
| 542 |
|
|
|f Royal Commonwealth Society.
|
| 588 |
|
|
|a Description based on online resource; title from scanned document's title page (viewed on August 19, 2019).
|
| 650 |
|
0 |
|a Colonies
|x Administration.
|
| 651 |
|
0 |
|a Tropics.
|
| 651 |
|
0 |
|a United States
|x Colonial question.
|
| 651 |
|
6 |
|a Régions tropicales.
|
| 651 |
|
6 |
|a États-Unis
|x Expansion territoriale.
|
| 650 |
|
7 |
|a Colonies
|x Administration
|2 fast
|
| 650 |
|
7 |
|a Territorial expansion
|2 fast
|
| 651 |
|
7 |
|a Tropics
|2 fast
|
| 651 |
|
7 |
|a United States
|2 fast
|1 https://id.oclc.org/worldcat/entity/E39PBJtxgQXMWqmjMjjwXRHgrq
|
| 655 |
|
7 |
|a Electronic books.
|2 local
|
| 710 |
2 |
|
|a Adam Matthew Digital (Firm),
|e digitiser.
|
| 758 |
|
|
|i has work:
|a Tropical colonization (Text)
|1 https://id.oclc.org/worldcat/entity/E39PCGvBQ8YRGQTGmjpMXpP9fy
|4 https://id.oclc.org/worldcat/ontology/hasWork
|
| 830 |
|
0 |
|a AM Scholar: Empire Studies.
|
| 856 |
4 |
0 |
|u http://proxy.library.tamu.edu/login?url=https://www.amscholar.amdigital.co.uk/Documents/Details/EmpireAndCommonwealth_Part1_Reel7_Vol2
|z Connect to the full text of this electronic book
|t 0
|
| 955 |
|
|
|a Adam Matthew Scholar Empire Studies
|
| 994 |
|
|
|a 92
|b TXA
|
| 999 |
f |
f |
|s fd2b877b-1a54-4dce-9747-bffbdb77c15f
|i 22a89cff-5970-47cc-81a8-0a2e19720605
|t 0
|
| 952 |
f |
f |
|a Texas A&M University
|b College Station
|c Electronic Resources
|d Available Online
|t 0
|e JV201
|h Library of Congress classification
|
| 998 |
f |
f |
|a JV201
|t 0
|l Available Online
|